Polna mesečina ; Golemi i mali /

Saved in:
Bibliographic Details
Main Author: Smaḱoski, Boško
Format: Book
Language:Macedonian
Published: Skopje : Misla, 1986.
Subjects:
LEADER 00902nam a2200241 a 4500
001 c000181327
003 CARM
005 20050314154509.0
008 900830s1986 xn a j 000 1 mac d
019 1 |a 28152591  |5 LACONCORD2021 
035 |a (OCoLC)21748875  |5 LACONCORD2021 
100 1 |a Smaḱoski, Boško. 
240 1 0 |a Polna mesečina 
245 1 0 |a Polna mesečina ;  |b Golemi i mali /  |c Boško Smaḱoski ; [ilustracii Biserka Perovska]. 
260 |a Skopje :  |b Misla,  |c 1986. 
300 |a 276 p. :  |b ill. ;  |c 21 cm. 
546 |a In Macedonian. 
650 0 |a Children's stories, Macedonian 
740 0 |a Golemi i mali 
700 1 |a Smaḱoski, Boško  |t Golemi i mali 
852 8 |b CARM  |h A2:AK23B0  |i B05440  |p 0248562  |f BK 
999 f f |i bcf6b2e6-42db-5dd7-9308-fb7a1d2600da  |s 2f029825-40d5-5d68-91f8-bc196200e903 
952 f f |p Can circulate  |a CAVAL  |b CAVAL  |c CAVAL  |d CARM 1 Store  |e B05440  |f A2:AK23B0  |h Other scheme  |i book  |m 0248562